Trendy on-line vzdelávania bakalárska práca

Guardado en:
Detalles Bibliográficos
Autor principal: Hromadíková, Edina
Autor Corporativo: Fakulta hospodárskej informatiky EU. Katedra aplikovanej informatiky
Otros Autores: Szivósová, Mária, 1958-
Formato: Libro
Lenguaje:eslovaco
Publicado: Bratislava 2011
Etiquetas: Agregar Etiqueta
Sin Etiquetas, Sea el primero en etiquetar este registro!

MARC

LEADER 00000nbm a2200000 4500
001 0141045
005 20161109111730.5
041 0 |a slo 
044 |a SK 
245 1 0 |a Trendy on-line vzdelávania  |b bakalárska práca  |c Edina Hromadíková ; školiteľ: Mária Szivósová 
264 1 |a Bratislava  |c 2011 
300 |a 40 s. 
100 1 |a Hromadíková, Edina 
700 1 |a Szivósová, Mária, 1958- 
710 2 |a Fakulta hospodárskej informatiky EU. Katedra aplikovanej informatiky